• 首页
  • 本馆介绍
  • 公告通知
  • 最新文献
  • 馆藏检索
  • 电子资源
  • 读者导购
  • 参考咨询
  • 我的图书馆
  • 登录
  • 详细信息显示
  • 放入我的书架
  • 预约/预借图书
  • 作者相关作品
  • 分类相关作品
  • 丛书相关作品
  • 出版社相关作品

书目信息

  • 表格格式
  • 工作单格式
  • 卡片格式
题名:
全球价值链
    
 
作者: 张亚雄 , 袁剑琴 , 尹伟华 著
分册:  
出版信息: 北京   社会科学文献出版社  2018
页数: 312页
开本: 24cm
丛书名:
单 册:
中图分类: F113.1 , F114
科图分类:
主题词: 世界经济--经济结构--研究 , 国际竞争力--研究
电子资源:
ISBN: 978-7-5201-2359-4
000 01407nam0 2200301 450
001 012001002684
005 20140926114740.0
010    @a978-7-5201-2359-4@dCNY89.00
100    @a20180714d2018 em y0chiy50 ea
101 0  @achi
102    @aCN@b110000
105    @ay z 000yy
106    @ar
200 1  @a全球价值链@9quan qiu jia zhi lian@eAPEC主要经济体产业结构和国际竞争力@dGlobal value chains@ethe industrial structure and international competitiveness of APEC major economies@f张亚雄,袁剑琴,尹伟华著@zeng
210    @a北京@c社会科学文献出版社@d2018
215    @a312页@d24cm
330    @a本书基于全球价值链视角,采用贸易增加值核算方法测算1997-2011年中国以及其他APEC主要经济体之间的产业联系、垂直专业化程度及国际产业竞争力等,据此为提高中国产业国际竞争力、向全球价值链高端跃升,以及促进产业结构调整和升级等提出政策建议。
510 1  @aGlobal value chains@ethe industrial structure and international competitiveness of APEC major economies@zeng
517 1  @aAPEC主要经济体产业结构和国际竞争力@9APEC zhu yao jing ji ti chan ye jie gou he guo ji jing zheng li
606 0  @a世界经济@x经济结构@x研究
606 0  @a国际竞争力@x研究
690    @aF113.1@v5
690    @aF114@v5
701  0 @a张亚雄@9zhang ya xiong@c(经济学)@4著
701  0 @a袁剑琴@9yuan jian qin@4著
701  0 @a尹伟华@9yin wei hua@f(1981-)@4著
801  0 @aCN@b上海新华@c20180901
905    @b1158440-4@dF113.1@e190@f5
    
    全球价值链:APEC主要经济体产业结构和国际竞争力=Global value chains:the industrial structure and international competitiveness of APEC major economies/张亚雄,袁剑琴,尹伟华著.-北京:社会科学文献出版社,2018
    312页;24cm
    
    
    ISBN 978-7-5201-2359-4:CNY89.00
    本书基于全球价值链视角,采用贸易增加值核算方法测算1997-2011年中国以及其他APEC主要经济体之间的产业联系、垂直专业化程度及国际产业竞争力等,据此为提高中国产业国际竞争力、向全球价值链高端跃升,以及促进产业结构调整和升级等提出政策建议。
●
相关链接 在E读中查询图书 在五车中查询图书 在当当中查询图书 在豆瓣中查询图书


正题名:全球价值链     索取号:F113.1/190         预约/预借

序号 登录号 条形码 馆藏地/架位号 状态 备注
1 1158440   211584409   第一样本阅览室/ [索取号:F113.1/190] 在馆    
2 1158441   211584418   第一借阅区/ [索取号:F113.1/190] 在馆    
3 1158442   211584427   第一借阅区/ [索取号:F113.1/190] 在馆    
4 1158443   211584436   密集书库-海洋学院/ [索取号:F113.1/190] 在馆    
5 1158444   211584445   第一借阅区/ [索取号:F113.1/190] 在馆    
唐山师范学院图书馆 欢迎您!
大连网信软件有限公司© 版权所有